| 000 | 01079nam2a22002891 4500 | ||
|---|---|---|---|
| 001 | rc\4125364 | ||
| 005 | 20130415173939.3 | ||
| 021 |
_aRU _b[57-18880] |
||
| 035 | _a(NLR Aleph) 008154450 | ||
| 090 |
_a7785683 _c7785683 |
||
| 100 | _a20130415d1957 |||y0rusy50 ca | ||
| 101 | 0 | _arus | |
| 102 | _aRU | ||
| 105 | _aa z ||||| | ||
| 200 | 0 |
_aВып. 2 _f[Сост.: кандидаты техн. наук П.М. Иевлев, Е.Л. Штамм, В.П. Кузнецов и др.] |
|
| 210 | _d1957 | ||
| 215 |
_a83 с. _cил. |
||
| 320 | _aБиблиогр. в конце разделов | ||
| 461 | 0 |
_1001rc\4125362 _12001#$aФлот и промышленность$eВып. 1-$fМ-во речного флота РСФСР. Техн. упр. Центр. науч.-исслед. ин-т речного флота$vВып. 2 |
|
| 702 | 1 |
_aШтамм _bЕ. Л. _4220 |
|
| 702 | 1 |
_aИевлев _bП. М. _4220 |
|
| 702 | 1 |
_aКузнецов _bВ. П. _4220 |
|
| 801 | 0 |
_aRU _bNLR _gpsbo |
|
| 801 | 1 |
_aRU _bELAR _2rusmarc |
|
| 852 |
_aNLR _jТ14 Г-5/738 |
||
| 942 | _cBOOK | ||
| 980 | _aNB | ||